LEADER 01796nam 2200445Ia 450 001 996397520903316 005 20200818211138.0 035 $a(CKB)4940000000055515 035 $a(EEBO)2248533033 035 $a(OCoLC)ocm11753461e 035 $a(OCoLC)11753461 035 $a(EXLCZ)994940000000055515 100 $a19850301d1641 uy | 101 0 $aeng 135 $aurbn||||a|bb| 200 14$aThe first sermon preached to the Honourable House of Commons now assembled in Parliament at their publique fast, Novemb. 17, 1640$b[electronic resource] /$fby Cornelius Burges .. 210 $aLondon $cPrinted by I.L. for Philemon Stephens and Christopher Meredith ...$d1641 215 $a[8], 80 p 300 $aThe epistle dedicatory signed: Cornelius Burges and Stephen Marshall. 300 $a"Published by order of that House" 300 $aErrata: p. 80. 300 $aVariations: copy at reel 1826:15 has no comma following "Sermon" in title, imprint has "Merideth". 300 $aCopy at reel 1826:15 incorrectly identified as Wing B5682 (number cancelled in Wing 2nd ed.). 300 $aReproduction of originals in: Union Theological Seminary Library, New York, Thomason Collection, British Library, and Trinity College Library, Dublin. 330 $aeebo-0158 606 $aFast-day sermons 606 $aSermons, English$y17th century 615 0$aFast-day sermons. 615 0$aSermons, English 700 $aBurges$b Cornelius$f1589?-1665.$01002137 701 $aMarshall$b Stephen$f1594?-1655.$01001459 801 0$bEAA 801 1$bEAA 801 2$bm/c 801 2$bUMI 801 2$bWaOLN 906 $aBOOK 912 $a996397520903316 996 $aThe first sermon, preached to the Honourable House of Commons$92329431 997 $aUNISA LEADER 00952nam0-2200325 --450 001 9910673201103321 005 20240311132824.0 010 $a0121820653 100 $a20230316d1988----kmuy0itay5050 ba 101 0 $aeng 102 $aUS 105 $aa 001yy 200 1 $aRibosomes$fedited by Harry F. Noller, jr., Kivie Moldave 210 $aSan Diego [etc.]$cAcademic Press$dc1988 215 $aXXXV, 859 p.$cill.$d24 cm 225 0 $aMethods in Enzymology$v164 300 $aI primi 6 v. senza titolo proprio sotto il titolo: Methods in enzymology 610 0 $aRibosomi 676 $a571.658$v22$zita 702 1$aNoller,$bHarry F.$c 702 1$aMoldave,$bKivie 801 0$aIT$bUNINA$gREICAT$2UNIMARC 901 $aBK 912 $a9910673201103321 952 $aBSF-MET.ENZ.-1 (164$b1005$fSC1 952 $aA MIC 1-164$b3381/2024$fFAGBC 959 $aSC1 959 $aFAGBC 996 $aRibosomes$981984 997 $aUNINA